Príspevok k atraktivite

Výstavy a veľtrhy poskytujú príležitosť na prezentáciu firmy, jej produktov a služieb a súčasne umožňujú viesť účinnú komunikáciu s obchodnými partnermi a sledovať vývojové trendy na trhu v príslušnej oblasti Ide o syntézu nástrojov podpory predaja a metód public relations. Dva základné typy výstavn...

Descrizione completa

Salvato in:
Dettagli Bibliografici
Autore principale: Loydlová, Miroslava
Natura: Capitolo di libro
Lingua:slovacco
Soggetti:
Tags: Aggiungi Tag
Nessun Tag, puoi essere il primo ad aggiungerne!!

MARC

LEADER 00000naa$a2200000$$$4500
001 0068800
005 20240502071831.5
041 0 |a slo 
044 |a SK 
245 1 0 |a Príspevok k atraktivite  |c Miroslava Loydlová 
520 |a Výstavy a veľtrhy poskytujú príležitosť na prezentáciu firmy, jej produktov a služieb a súčasne umožňujú viesť účinnú komunikáciu s obchodnými partnermi a sledovať vývojové trendy na trhu v príslušnej oblasti Ide o syntézu nástrojov podpory predaja a metód public relations. Dva základné typy výstavných podujatí - veľtrhy zamerané na konečného spotrebiteľa, odborné veľtrhy. Význam sprievodných podujatí výstav a veľtrhov, ktoré vytvárajú ich pridanú hodnotu. 
610 2 0 |a výstavy 
610 2 0 |a veľtrhy 
610 2 0 |a teória a prax 
610 2 0 |a akcie odborné 
100 1 |a Loydlová, Miroslava